Normal view
MARC view
- Agrawal , Dharma Prakash Zeng, Qing-An
Entry Personal Name
001 - CONTROL NUMBER
- control field: 60893
003 - CONTROL NUMBER IDENTIFIER
- control field: NUST
005 - DATE AND TIME OF LATEST TRANSACTION
- control field: 20210628202639.0
008 - FIXED-LENGTH DATA ELEMENTS
- fixed length control field: 210628|| aca||aabn | a|a d
040 ## - CATALOGING SOURCE
- Original cataloging agency: NUST
- Transcribing agency: NUST
100 ## - HEADING--PERSONAL NAME
- Personal name: Agrawal , Dharma Prakash Zeng, Qing-An
670 ## - SOURCE DATA FOUND
- Source citation: Work cat.: (NUST): Agrawal , Dharma Prakash Zeng, Qing-An, Introduction to wireless and mobile systems, 2003
